LEADER 01030nam 2200361 450 001 000012054 005 20070503173300.0 100 $a20030122d1982----km-y0itay0103----ba 101 0 $aita 102 $aIT 200 1 $aCanto nero$fGiampiero Cane 200 1 $a1 $n0003074 210 $aBologna$cCLUEB$dstampa1982 215 $a269 p.$d22 cm. 606 $aJazz 676 $a781.65$v(21. ed.)$9Jazz 700 1$aCane,$bGiampiero$0440977 801 0$aIT$bBNCF$c20021008 912 $a000012054 996 $aCanto nero$978304 997 $aUNIBAS BAS $aMONLET BAS $aMONOGR BAS $aLETTERE CAT $aTROMBONE$b20$c20030122$lBAS01$h1423 CAT $c20050601$lBAS01$h1754 CAT $abatch$b01$c20050718$lBAS01$h1051 CAT $c20050718$lBAS01$h1110 CAT $c20050718$lBAS01$h1140 CAT $c20050718$lBAS01$h1154 CAT $aBATCH$b00$c20070503$lBAS01$h1733 FMT Z30 -1$lBAS01$LBAS01$mBOOK$1BASA1$APolo Storico-Umanistico$3IC$62473$5D2473$820030204$f51$FRiservati LEADER 01837oas 2200757 a 450 001 9910895784003321 005 20260218112548.0 035 $a(DE-599)ZDB2629009-1 035 $a(OCoLC)262556938 035 $a(CONSER) 2009263329 035 $a(CKB)1000000000717110 035 $a(DE-599)2629009-1 035 $a(EXLCZ)991000000000717110 100 $a20081015b20082015 sy 101 0 $aeng 135 $aur||||||||||| 181 $ctxt$2rdacontent 182 $cc$2rdamedia 183 $acr$2rdacarrier 200 04$aThe open prostate cancer journal 210 $a[Hilversum] $c[Bentham Science Publishers]$d[2008]-[2015] 215 $a1 online resource (8 volumes) 300 $aRefereed/Peer-reviewed 311 08$a1876-8229 517 1 $aTOPCANJ 517 1 $aProstate cancer journal 606 $aProstate$xCancer$vPeriodicals 606 $aProstatic Neoplasms 606 $aProstate$xCancer$2fast$3(OCoLC)fst01079479 608 $aPeriodical. 608 $aPeriodicals.$2fast 608 $aPeriodicals.$2lcgft 615 0$aProstate$xCancer 615 2$aProstatic Neoplasms. 615 7$aProstate$xCancer. 801 0$bSMC 801 1$bSMC 801 2$bSMC 801 2$bTXA 801 2$bOCLCQ 801 2$bOCLCS 801 2$bOCLCQ 801 2$bCUS 801 2$bOCLCQ 801 2$bOCLCF 801 2$bOCLCO 801 2$bOCLCQ 801 2$bOCLCO 801 2$bOCLCQ 801 2$bUAB 801 2$bLIP 801 2$bOCLCO 801 2$bXFH 801 2$bOCLCO 801 2$bOCLCQ 801 2$bAU@ 801 2$bOCLCO 801 2$bVT2 801 2$bOCLCQ 801 2$bOCLCO 801 2$bCUS 801 2$bOCLCQ 906 $aJOURNAL 912 $a9910895784003321 996 $aThe open prostate cancer journal$94251730 997 $aUNINA